000 01168cam a2200301 a 4500
999 _c41161
_d41161
001 16466848
003 OSt
005 20210702120548.0
008 100920s2009 njua b 001 0 eng
010 _a 2010483814
020 _a9788126577484
040 _aDLC
_cDLC
_dDLC
050 0 0 _aQA371
_b.B773 2009
082 _a515.35
_bBOY/E
100 _aBoyce, William E
_93879
245 1 0 _aElementary differential equations and boundary value problems /
_cWilliam E. Boyce, Richard C. DiPrima., Douglas B. Meade
250 _aGlobal ed.
260 _aNew Delhi :
_bWiley,
_cc2011.
300 _axii, 607 p. :
_bcol. ill. ;
_c27 cm.
504 _aIncludes bibliographical references and index.
650 0 _aDifferential equations.
650 0 _aBoundary value problems.
700 1 _aDiPrima, Richard C.
_98622
856 4 2 _3Publisher description
_uhttp://www.loc.gov/catdir/enhancements/fy1101/2010483814-d.html
856 4 1 _3Table of contents only
_uhttp://www.loc.gov/catdir/enhancements/fy1101/2010483814-t.html
942 _2ddc
_cBK
_h515.35
_iBOY/E
_k515.35
_mBOY/E